Terra di Cleopatra /

Saved in:

Main Author: Vivanti, Annie, 1866-1942 (Author)

Format: Book

Language: Italian

Published: Milano : A. Mondadori, [c1925].

Subjects:

Tags: Add Tag

No Tags, Be the first to tag this record!

Call Number: DT55 .C5 1925

LEADER 00538nam a2200181Ia 4500
003 OSt
005 20260326143426.0
008 211223s1925 it cf 000 0 ita d
040 |c ARCE Library 
050 4 |a DT55 .C5 1925 
100 1 |a Vivanti, Annie,   |d 1866-1942,   |e author 
245 1 0 |a Terra di Cleopatra /   |c Annie Vivanti. 
264 1 |a Milano :   |b A. Mondadori,   |c [c1925]. 
300 |a 3 p.l., [9]-187 p. :   |b 2 l. plates, port. ;   |c 19 cm. 
651 0 |a Egypt   |x Description and travel. 
901 |a reviewed 
942 |2 lcc  |c BK 
999 |c 41159  |d 41159